Consideraciones en torno a la prostitución
Uloženo v:
| Médium: | Text |
|---|---|
| Tagy: |
Přidat tag
Žádné tagy, Buďte první, kdo vytvoří štítek k tomuto záznamu!
|
MARC
| LEADER | 00000 a a2200000 04500 | ||
|---|---|---|---|
| 001 | 42516 | ||
| 003 | |||
| 040 | |||
| 245 | |a Consideraciones en torno a la prostitución | ||
| 773 | |g volumen18, número781 ( , 1997), páginas 6-7 | ||
| 999 | |c 32314 |d 32314 | ||
